[Event "St Petersburg Blitz"]
[Site "St Petersburg"]
[Date "2021.12.12"]
[Round "19"]
[White "Alekseev, Evgeny V"]
[Black "Lugovoi, Aleksei"]
[Result "1/2-1/2"]
[WhiteElo "2589"]
[BlackElo "2507"]
[PlyCount "124"]
[EventDate "2021.12.12"]
[EventType "tourn (blitz)"]
[EventRounds "21"]
[EventCountry "RUS"]
[EventCategory "11"]
[SourceTitle "CBM 205 Extra"]
[Source "ChessBase"]
[SourceDate "2022.01.31"]
[SourceVersion "1"]
[SourceVersionDate "2022.01.31"]
[SourceQuality "1"]

1. e4 c5 2. Nf3 Nc6 3. Bb5 d6 4. 0-0 Bd7 5. Re1 Nf6 6. c3 a6 7. Bf1 Bg4 8. h3 Bxf3 9. Qxf3 g6 10. d3 Bg7 11. Be3 0-0 12. Nd2 Nd7 13. Qe2 b5 14. Nf3 b4 15. d4 bxc3 16. bxc3 cxd4 17. cxd4 e5 18. Rad1 Qa5 19. Qd2 Qa4 20. dxe5 Ndxe5 21. Nxe5 Nxe5 22. Bd4 Rfc8 23. Ba1 Rc6 24. Rc1 Rac8 25. Rxc6 Rxc6 26. Qd5 h5 27. Rb1 Rc2 28. Rb8+ Kh7 29. Bxe5 dxe5 30. Qxf7 Qxa2 31. Qxa2 Rxa2 32. h4 Ra1 33. g3 a5 34. Kg2 a4 35. Bc4 a3 36. Ra8 Rc1 37. Bg8+ Kh6 38. Rxa3 Bf8 39. Rf3 Kg7 40. Bd5 Bc5 41. Rf7+ Kh6 42. f4 Rc2+ 43. Kf1 Rf2+ 44. Ke1 Rf3 45. Ke2 Re3+ 46. Kd2 Rxg3 47. fxe5 g5 48. hxg5+ Rxg5 49. e6 Rg7 50. Rf6+ Kg5 51. Rf5+ Kg4 52. Ke2 h4 53. Rf1 Kg3 54. e5 h3 55. Kd3 h2 56. Kc4 Bg1 57. Kb5 Rc7 58. Be4 Rc5+ 59. Kb4 Rxe5 60. Bh1 Rxe6 61. Rf3+ Kg4 62. Rf1 Kg3 1/2-1/2

[Event "St Petersburg Blitz"]
[Site "St Petersburg"]
[Date "2021.12.12"]
[Round "11"]
[White "Lugovoi, Aleksei"]
[Black "Ivanov, Sergey"]
[Result "1-0"]
[WhiteElo "2507"]
[BlackElo "2462"]
[PlyCount "65"]
[EventDate "2021.12.12"]
[EventType "tourn (blitz)"]
[EventRounds "21"]
[EventCountry "RUS"]
[EventCategory "11"]
[SourceTitle "CBM 205 Extra"]
[Source "ChessBase"]
[SourceDate "2022.01.31"]
[SourceVersion "1"]
[SourceVersionDate "2022.01.31"]
[SourceQuality "1"]

1. d4 Nf6 2. c4 e6 3. Nc3 Bb4 4. e3 c5 5. Bd3 d5 6. a3 Bxc3+ 7. bxc3 0-0 8. cxd5 exd5 9. Ne2 b6 10. 0-0 Ba6 11. Bxa6 Nxa6 12. Qd3 Nb8 13. a4 Re8 14. f3 Nc6 15. Ng3 h5 16. Ba3 Na5 17. Rae1 h4 18. Nf5 h3 19. gxh3 Qd7 20. Kh1 g6 21. Nh6+ Kg7 22. Ng4 Qxa4 23. Bc1 Qc4 24. Qc2 Nb3 25. Ne5 Qb5 26. e4 cxd4 27. Bf4 Rac8 28. Qg2 Nh5 29. Qg4 dxc3 30. Rg1 Nxf4 31. Qxf4 Re7 32. Nxg6 fxg6 33. Rxg6+ 1-0

[Event "St Petersburg Blitz"]
[Site "St Petersburg"]
[Date "2021.12.12"]
[Round "9"]
[White "Lugovoi, Aleksei"]
[Black "Zubritskiy, Artyom"]
[Result "0-1"]
[WhiteElo "2507"]
[BlackElo "2442"]
[PlyCount "96"]
[EventDate "2021.12.12"]
[EventType "tourn (blitz)"]
[EventRounds "21"]
[EventCountry "RUS"]
[EventCategory "11"]
[SourceTitle "CBM 205 Extra"]
[Source "ChessBase"]
[SourceDate "2022.01.31"]
[SourceVersion "1"]
[SourceVersionDate "2022.01.31"]
[SourceQuality "1"]

1. d4 e6 2. c4 b6 3. Nf3 Bb7 4. g3 f5 5. Bg2 Nf6 6. 0-0 Be7 7. b3 0-0 8. Bb2 a5 9. Nc3 Ne4 10. d5 Bf6 11. Nd4 Nxc3 12. Bxc3 Na6 13. Qc2 Nc5 14. Rad1 Qe7 15. a3 Rac8 16. Bb2 g6 17. b4 axb4 18. axb4 Ne4 19. Qb3 exd5 20. cxd5 Nd6 21. e3 Kh8 22. Rc1 g5 23. Rc2 f4 24. exf4 gxf4 25. Rfc1 Qg7 26. Qd3 Ba6 27. Qd2 Be5 28. Nf3 Bxb2 29. Rxb2 Nc4 30. Rxc4 Bxc4 31. Rc2 Bb5 32. Nd4 Ba6 33. Ra2 Bc4 34. Rc2 b5 35. Rc3 Ra8 36. h3 Ra2 37. Qd1 fxg3 38. Rxg3 Qe7 39. Qg4 Raxf2 40. Nf3 Ra2 41. Ng5 Ra1+ 42. Kh2 Re1 43. Qd4+ Qe5 44. Qg4 Bxd5 45. Qh5 Qe7 46. Qh6 Bxg2 47. Rxg2 Qe5+ 48. Rg3 Rf2# 0-1

[Event "St Petersburg Blitz"]
[Site "St Petersburg"]
[Date "2021.12.12"]
[Round "8"]
[White "Popov, Valerij"]
[Black "Lugovoi, Aleksei"]
[Result "0-1"]
[WhiteElo "2537"]
[BlackElo "2507"]
[PlyCount "59"]
[EventDate "2021.12.12"]
[EventType "tourn (blitz)"]
[EventRounds "21"]
[EventCountry "RUS"]
[EventCategory "11"]
[SourceTitle "CBM 205 Extra"]
[Source "ChessBase"]
[SourceDate "2022.01.31"]
[SourceVersion "1"]
[SourceVersionDate "2022.01.31"]
[SourceQuality "1"]

1. d4 Nf6 2. c4 e6 3. Nc3 Bb4 4. Qc2 0-0 5. a3 Bxc3+ 6. Qxc3 b6 7. Qf3 Nc6 8. e3 Bb7 9. Qd1 e5 10. d5 Ne7 11. Nf3 d6 12. Be2 b5 13. b3 a5 14. cxb5 Nfxd5 15. Bb2 Ng6 16. 0-0 Kh8 17. Nd2 f5 18. g3 f4 19. exf4 exf4 20. Bf3 Qg5 21. Ne4 Qh6 22. Nxd6 fxg3 23. fxg3 Rxf3 24. Nxb7 Qe3+ 25. Kh1 Rxf1+ 26. Qxf1 Rf8 27. Qg2 Qxb3 28. Nc5 Qc4 29. Ne6 Ne3 30. Bc1 0-1

[Event "Oslo Sveins op 11th"]
[Site "Oslo"]
[Date "2018.06.26"]
[Round "8"]
[White "Lugovoi, Aleksei"]
[Black "Tryggestad, Andreas Garberg"]
[Result "1/2-1/2"]
[WhiteElo "2531"]
[BlackElo "2243"]
[PlyCount "54"]
[EventDate "2018.06.22"]
[EventType "swiss"]
[EventRounds "9"]
[EventCountry "NOR"]
[SourceTitle "CBM 185 Extra"]
[Source "ChessBase"]
[SourceDate "2018.07.29"]
[SourceVersion "1"]
[SourceVersionDate "2018.07.29"]
[SourceQuality "1"]

1. d4 Nf6 2. c4 g6 3. Nc3 d5 4. Nf3 Bg7 5. Qb3 dxc4 6. Qxc4 0-0 7. e4 c6 8. Qb3 Nbd7 9. e5 Nd5 10. Nxd5 cxd5 11. Be2 Nb8 12. 0-0 Nc6 13. h3 Qb6 14. Be3 Qxb3 15. axb3 Bd7 16. Rfc1 Rfc8 17. Ne1 e6 18. Nd3 b6 19. Ne1 a5 20. g4 f6 21. exf6 Bxf6 22. Nf3 Nb4 23. Ne1 Nc6 24. Rd1 Nb4 25. Rac1 Na2 26. Ra1 Nb4 27. Rac1 Na2 1/2-1/2

[Event "Oslo Sveins op 11th"]
[Site "Oslo"]
[Date "2018.06.24"]
[Round "5"]
[White "Lindbol, Aleksander"]
[Black "Lugovoi, Aleksei"]
[Result "1/2-1/2"]
[WhiteElo "2182"]
[BlackElo "2531"]
[PlyCount "98"]
[EventDate "2018.06.22"]
[EventType "swiss"]
[EventRounds "9"]
[EventCountry "NOR"]
[SourceTitle "CBM 185 Extra"]
[Source "ChessBase"]
[SourceDate "2018.07.29"]
[SourceVersion "1"]
[SourceVersionDate "2018.07.29"]
[SourceQuality "1"]

1. c4 e6 2. Nf3 Nf6 3. g3 a6 4. Bg2 b5 5. b3 c5 6. d4 bxc4 7. bxc4 cxd4 8. Nxd4 Ra7 9. 0-0 Bb7 10. Nb3 Bxg2 11. Kxg2 d6 12. Nc3 Be7 13. e4 0-0 14. Be3 Rd7 15. Qe2 Qc8 16. Rfc1 Rc7 17. f3 Nbd7 18. Na4 Re8 19. Rab1 Qa8 20. Bf2 Qc6 21. Nb2 Rb8 22. Nd3 Qa8 23. Rc2 a5 24. Rbc1 a4 25. Nd4 Rcc8 26. Nb5 Bf8 27. e5 dxe5 28. Nxe5 Nxe5 29. Qxe5 Ng4 30. Qe4 Qxe4 31. fxe4 Nxf2 32. Kxf2 h5 33. Ke2 g5 34. Nd4 Ba3 35. Rd1 g4 36. Kd3 Bb2 37. Rb1 a3 38. Nb3 Kf8 39. c5 Rb4 40. Ke3 Ke7 41. Rd1 Rc7 42. Rd3 Rd7 43. Rxd7+ Kxd7 44. Na5 Rb5 45. c6+ Kc7 46. Nc4 Rb8 47. Kd3 f5 48. exf5 exf5 49. Ne3 Rb5 1/2-1/2

[Event "Keres Memorial rap 20th"]
[Site "Tallinn"]
[Date "2011.01.09"]
[Round "4"]
[White "Lugovoi, Aleksei"]
[Black "Haitin, Ilja"]
[Result "1-0"]
[WhiteElo "2531"]
[BlackElo "2267"]
[PlyCount "129"]
[EventDate "2011.01.07"]
[EventType "tourn (rapid)"]
[EventRounds "7"]
[EventCountry "EST"]
[EventCategory "10"]
[SourceTitle "CBM 140 Extra"]
[Source "ChessBase"]
[SourceDate "2011.03.01"]
[SourceVersion "1"]
[SourceVersionDate "2011.03.01"]
[SourceQuality "1"]

1. d4 f5 2. c4 Nf6 3. Nc3 d6 4. Nf3 g6 5. g3 Bg7 6. Bg2 0-0 7. 0-0 Nc6 8. d5 Ne5 9. Qb3 Nxf3+ 10. exf3 e5 11. dxe6 Bxe6 12. f4 Rb8 13. Re1 Bf7 14. Nd5 c6 15. Nxf6+ Qxf6 16. Qc2 Qd4 17. Bf1 d5 18. Rb1 dxc4 19. Be3 Qe4 20. Qxe4 fxe4 21. Bxa7 Ra8 22. Bc5 Rfe8 23. a3 Bd5 24. Rec1 b5 25. Bg2 Ra4 26. Rc2 Rea8 27. Bb4 Re8 28. Bd2 Bd4 29. Be3 Bxe3 30. fxe3 Kf7 31. Rd1 Ke6 32. h4 Kd6 33. g4 Kc5 34. g5 Rb8 35. Rd4 Re8 36. Bf1 Kd6 37. Kf2 Ra7 38. Ke1 Rb8 39. Kf2 Re8 40. Kg3 Rf8 41. h5 Kc5 42. h6 Kd6 43. Bh3 Kc5 44. f5 gxf5 45. Kf4 Rb7 46. Bf1 Re7 47. b3 Ra7 48. bxc4 bxc4 49. Bxc4 Kd6 50. Bxd5 cxd5 51. Rb2 Rxa3 52. Rb5 Ra1 53. Rdxd5+ Ke6 54. Re5+ Kd6 55. Rxf5 Rf1+ 56. Kxe4 Re8+ 57. Rfe5 Ra8 58. Rbd5+ Kc6 59. Re6+ Kc7 60. Re7+ Kc6 61. Rxh7 Rg1 62. Re5 Kd6 63. Rhe7 Rf1 64. R5e6+ Kc5 65. Rc7+ 1-0

[Event "Keres Memorial rap 20th"]
[Site "Tallinn"]
[Date "2011.01.08"]
[Round "1"]
[White "Shirov, Alexei"]
[Black "Lugovoi, Aleksei"]
[Result "1-0"]
[WhiteElo "2722"]
[BlackElo "2531"]
[PlyCount "97"]
[EventDate "2011.01.07"]
[EventType "tourn (rapid)"]
[EventRounds "7"]
[EventCountry "EST"]
[EventCategory "10"]
[SourceTitle "CBM 140 Extra"]
[Source "ChessBase"]
[SourceDate "2011.03.01"]
[SourceVersion "1"]
[SourceVersionDate "2011.03.01"]
[SourceQuality "1"]

1. e4 c5 2. Nf3 d6 3. d4 cxd4 4. Nxd4 Nf6 5. Nc3 Nc6 6. Bg5 e6 7. Qd2 Be7 8. 0-0-0 0-0 9. f4 h6 10. Bh4 e5 11. Nf5 Bxf5 12. exf5 exf4 13. Kb1 d5 14. Bxf6 Bxf6 15. Nxd5 Be5 16. f6 Bxf6 17. Qxf4 Be5 18. Qa4 Qd6 19. g3 Qc5 20. c3 Rad8 21. Bg2 Bb8 22. Rd2 Kh8 23. Rhd1 Ne5 24. Qd4 Qxd4 25. Rxd4 Nc6 26. R4d2 Rfe8 27. Kc2 g6 28. Nf6 Rxd2+ 29. Rxd2 Rd8 30. Nd7 Ne5 31. Nxe5 Rxd2+ 32. Kxd2 Bxe5 33. Bxb7 Kg7 34. b4 f5 35. c4 Kf6 36. c5 h5 37. Bf3 h4 38. gxh4 Bxh2 39. a4 a5 40. bxa5 Bg1 41. c6 Ke7 42. Bd5 Kd6 43. Kd3 Bf2 44. Ke2 Ba7 45. Kf3 Bb8 46. a6 Kc7 47. Kf4 Kb6+ 48. Kg5 Kxa6 49. Kxg6 1-0

[Event "Keres Memorial rap 20th"]
[Site "Tallinn"]
[Date "2011.01.08"]
[Round "3"]
[White "Smirnov, Artem"]
[Black "Lugovoi, Aleksei"]
[Result "1/2-1/2"]
[WhiteElo "2428"]
[BlackElo "2531"]
[PlyCount "112"]
[EventDate "2011.01.07"]
[EventType "tourn (rapid)"]
[EventRounds "7"]
[EventCountry "EST"]
[EventCategory "10"]
[SourceTitle "CBM 140 Extra"]
[Source "ChessBase"]
[SourceDate "2011.03.01"]
[SourceVersion "1"]
[SourceVersionDate "2011.03.01"]
[SourceQuality "1"]

1. d4 e6 2. c4 Nf6 3. Nf3 d5 4. Nc3 c5 5. e3 Nc6 6. a3 a6 7. dxc5 Bxc5 8. b4 Ba7 9. Bb2 0-0 10. Qc2 Qe7 11. Rd1 Rd8 12. Be2 dxc4 13. Rxd8+ Nxd8 14. Bxc4 b5 15. Bd3 Bb7 16. 0-0 Rc8 17. Qb1 Bb8 18. Ne2 h6 19. Ng3 Bd5 20. Rc1 Rxc1+ 21. Qxc1 Bb7 22. Qc3 Qc7 23. Qd2 Nd7 24. Bb1 f6 25. Nd4 Nf8 26. Ba2 h5 27. f4 h4 28. Nf1 Bd5 29. Bxd5 exd5 30. Nf3 Qc4 31. Nxh4 Nf7 32. Nf5 Ng6 33. h4 Qe4 34. N1g3 Qe6 35. h5 Ne7 36. Nxe7+ Qxe7 37. Nf5 Qe4 38. Ng3 Qe6 39. Bd4 Nd6 40. Qc2 Nc4 41. Kf2 Qg4 42. Qf5 Qxf5 43. Nxf5 Kf7 44. h6 gxh6 45. Nxh6+ Kg6 46. Ng8 Nxa3 47. Ne7+ Kf7 48. Nxd5 f5 49. Kf3 Nc4 50. Bc3 Ke6 51. Nf6 a5 52. bxa5 b4 53. Bd4 b3 54. Nh5 Ba7 55. Bc3 Nxe3 56. a6 Nd1 1/2-1/2

[Event "Keres Memorial rap qual 20th"]
[Site "Tallinn"]
[Date "2011.01.07"]
[Round "2"]
[White "Tusa, Tuukka"]
[Black "Lugovoi, Aleksei"]
[Result "0-1"]
[WhiteElo "2194"]
[BlackElo "2531"]
[PlyCount "114"]
[EventDate "2011.01.07"]
[EventType "swiss"]
[EventRounds "7"]
[EventCountry "EST"]
[SourceTitle "CBM 140 Extra"]
[Source "ChessBase"]
[SourceDate "2011.03.01"]
[SourceVersion "1"]
[SourceVersionDate "2011.03.01"]
[SourceQuality "1"]

1. g3 d5 2. c4 d4 3. d3 e5 4. Bg2 Nc6 5. Nf3 Nf6 6. 0-0 Be7 7. b4 Nxb4 8. Nxe5 0-0 9. Nd2 Na6 10. Rb1 Nc5 11. Nb3 Nxb3 12. Rxb3 c6 13. Bb2 a5 14. a4 Bb4 15. e3 dxe3 16. fxe3 Nd7 17. Nxd7 Qxd7 18. d4 Qe7 19. e4 Bd7 20. e5 Rad8 21. Re3 Be6 22. Qh5 Bxc4 23. Rf4 g6 24. Qh6 f5 25. Rh4 Bd5 26. Bxd5+ Rxd5 27. Re2 Qg7 28. Qe3 Be7 29. Rh3 h5 30. Qb3 Bb4 31. Rh4 Re8 32. Rf4 Qf7 33. Qc2 Qe6 34. Ref2 c5 35. Re2 cxd4 36. Bxd4 Red8 37. Qc4 Rc8 38. Qa2 Kf7 39. Kg2 Rd7 40. Qb2 Qd5+ 41. Kh3 Ke6 42. Bf2 g5 43. Rd4 g4+ 44. Kh4 Rh8 45. Rxb4 axb4 46. Qxb4 Rc8 47. Qf4 Rh8 48. Qg5 Rf8 49. Qh6+ Ke7 50. Qg7+ Ke8 51. Qg6+ Qf7 52. Qxf7+ Rdxf7 53. Bc5 Rg8 54. e6 Rc7 55. Bd6 Rc6 56. Bf4 Rg6 57. e7 Rge6 0-1

[Event "Keres Memorial qual"]
[Site "Tallinn"]
[Date "2009.01.10"]
[Round "7"]
[White "Lugovoi, Aleksei"]
[Black "Barsov, Alexei"]
[Result "1-0"]
[WhiteElo "2531"]
[BlackElo "2505"]
[PlyCount "48"]
[EventDate "2009.01.09"]
[EventType "swiss (rapid)"]
[EventRounds "7"]
[EventCountry "EST"]
[SourceTitle "CBM 128 Extra"]
[Source "ChessBase"]
[SourceDate "2009.03.05"]
[SourceVersion "2"]
[SourceVersionDate "2009.03.25"]
[SourceQuality "1"]

1. d4 d5 2. c4 e6 3. Nc3 Bb4 4. e3 Nf6 5. Bd3 0-0 6. a3 Bxc3+ 7. bxc3 dxc4 8. Bxc4 c5 9. Ne2 Nc6 10. 0-0 e5 11. a4 Re8 12. dxc5 Be6 13. Bxe6 Rxe6 14. Ng3 Qa5 15. Ba3 Qxc3 16. Qc1 g6 17. Rb1 Rb8 18. Rd1 Rd8 19. Rd6 Rexd6 20. cxd6 Rd7 21. f4 exf4 22. exf4 h5 23. f5 h4 24. Ne2 gxf5 1-0

[Event "Keres Memorial"]
[Site "Tallinn"]
[Date "2009.01.10"]
[Round "2"]
[White "Lugovoi, Aleksei"]
[Black "Sveshnikov, Evgeny"]
[Result "1/2-1/2"]
[WhiteElo "2531"]
[BlackElo "2535"]
[PlyCount "35"]
[EventDate "2009.01.10"]
[EventType "tourn (rapid)"]
[EventRounds "7"]
[EventCountry "EST"]
[EventCategory "10"]
[SourceTitle "CBM 128 Extra"]
[Source "ChessBase"]
[SourceDate "2009.03.05"]
[SourceVersion "2"]
[SourceVersionDate "2009.03.25"]
[SourceQuality "1"]

1. d4 d5 2. c4 e6 3. Nc3 Nf6 4. Bg5 c6 5. e3 Nbd7 6. cxd5 exd5 7. Bd3 Be7 8. Qc2 h6 9. Bf4 Nh5 10. Bg3 Nxg3 11. hxg3 Nf6 12. Nf3 Be6 13. Ne5 Ng4 14. Nxg4 Bxg4 15. Bf5 Bxf5 16. Qxf5 Qd7 17. Qd3 0-0 18. 0-0 1/2-1/2

[Event "Keres Memorial qual"]
[Site "Tallinn"]
[Date "2009.01.10"]
[Round "5"]
[White "Paehtz, Elisabeth"]
[Black "Lugovoi, Aleksei"]
[Result "1-0"]
[WhiteElo "2455"]
[BlackElo "2531"]
[PlyCount "76"]
[EventDate "2009.01.09"]
[EventType "swiss (rapid)"]
[EventRounds "7"]
[EventCountry "EST"]
[SourceTitle "CBM 128 Extra"]
[Source "ChessBase"]
[SourceDate "2009.03.05"]
[SourceVersion "2"]
[SourceVersionDate "2009.03.25"]
[SourceQuality "1"]

1. e4 c5 2. Nf3 d6 3. d4 cxd4 4. Nxd4 Nf6 5. Nc3 Nc6 6. Bc4 Qb6 7. Nb3 e6 8. Be2 a6 9. g4 h6 10. Bf4 Qc7 11. h4 b5 12. a3 Ne5 13. Rg1 Bb7 14. f3 Qb6 15. Rf1 Nc4 16. Qc1 Rc8 17. Bxc4 bxc4 18. Be3 Qc7 19. Nd4 d5 20. g5 hxg5 21. hxg5 Nh5 22. exd5 Bxd5 23. Qd2 Rb8 24. Nxd5 exd5 25. Qc3 Qg3+ 26. Kd2 Nf4 27. Rae1 Ne6 28. Rg1 Qh3 29. g6 Kd7 30. Qa5 Nc5 31. gxf7 Rxb2 32. Kc1 Rb7 33. Bg5 Rb8 34. Re8 Rxe8 35. fxe8Q+ Kxe8 36. Qd8+ Kf7 37. Qxd5+ Ne6 38. Qd7+ Kg8 1-0

[Event "Keres Memorial"]
[Site "Tallinn"]
[Date "2009.01.10"]
[Round "1"]
[White "Rausis, Igors"]
[Black "Lugovoi, Aleksei"]
[Result "1/2-1/2"]
[WhiteElo "2501"]
[BlackElo "2531"]
[PlyCount "250"]
[EventDate "2009.01.10"]
[EventType "tourn (rapid)"]
[EventRounds "7"]
[EventCountry "EST"]
[EventCategory "10"]
[SourceTitle "CBM 128 Extra"]
[Source "ChessBase"]
[SourceDate "2009.03.05"]
[SourceVersion "2"]
[SourceVersionDate "2009.03.25"]
[SourceQuality "1"]

1. Nf3 Nf6 2. c4 e6 3. g3 d5 4. d4 c5 5. cxd5 exd5 6. Bg2 Nc6 7. 0-0 Be7 8. dxc5 Bxc5 9. Nc3 0-0 10. Bg5 d4 11. Ne4 Be7 12. Bxf6 Bxf6 13. Qd2 Bf5 14. Nxf6+ Qxf6 15. Qf4 Rfe8 16. Nh4 Re5 17. Nxf5 Rxf5 18. Qc7 Rb5 19. b3 Re8 20. Rac1 Qe5 21. Bxc6 bxc6 22. Qxe5 Rbxe5 23. Rxc6 Rxe2 24. Rd1 Rxa2 25. Rxd4 h5 26. Rc7 Ra1+ 27. Kg2 Ra6 28. Rf4 Rf8 29. Rb7 Rb6 30. Rxb6 axb6 31. Rf5 g6 32. Rf6 Rb8 33. b4 Kf8 34. b5 Ke7 35. Rc6 Ra8 36. Rxb6 Ra3 37. Rc6 Rb3 38. b6 Kd7 39. Rc7+ Kd8 40. Rxf7 Rxb6 41. h3 Ke8 42. Rf4 Ke7 43. g4 hxg4 44. hxg4 Rb5 45. Kg3 Ra5 46. Rf3 Rb5 47. Kh4 Ra5 48. g5 Ra4+ 49. Kg3 Ra5 50. Kg4 Ra6 51. Rf4 Rb6 52. Ra4 Rb7 53. Rf4 Rb6 54. f3 Rc6 55. Kg3 Rc5 56. Kh4 Rc6 57. Kg4 Rb6 58. Rc4 Rb7 59. Rc6 Kf7 60. f4 Kg7 61. Kf3 Re7 62. Rf6 Re8 63. Rd6 Re7 64. Rd5 Kf7 65. Rb5 Kg7 66. Re5 Ra7 67. Re6 Ra3+ 68. Ke4 Ra4+ 69. Ke5 Ra5+ 70. Kd4 Ra4+ 71. Ke5 Ra5+ 72. Ke4 Ra4+ 73. Kf3 Ra3+ 74. Re3 Ra7 75. Ke4 Ra4+ 76. Ke5 Ra5+ 77. Ke6 Ra6+ 78. Kd5 Ra5+ 79. Ke4 Ra4+ 80. Kf3 Ra7 81. Rd3 Re7 82. Rd4 Kf7 83. Rd5 Kg7 84. Re5 Ra7 85. Re6 Ra3+ 86. Ke4 Ra4+ 87. Ke3 Ra3+ 88. Kd2 Ra2+ 89. Kc3 Ra3+ 90. Kb4 Rf3 91. Re4 Kf7 92. Kc4 Ra3 93. Kd5 Ra5+ 94. Kc6 Ra6+ 95. Kc5 Ra5+ 96. Kb6 Ra1 97. Kb5 Ra2 98. Kb4 Ra1 99. Kb3 Ra5 100. Kc3 Ra3+ 101. Kd2 Ra2+ 102. Ke3 Ra3+ 103. Kf2 Ra2+ 104. Kf3 Ra3+ 105. Re3 Ra4 106. Rb3 Ra7 107. Rc3 Re7 108. Rc5 Kg7 109. Re5 Ra7 110. Re6 Rb7 111. Ke3 Rb3+ 112. Kd2 Rb4 113. Rf6 Ra4 114. Kc3 Re4 115. Kd3 Ra4 116. Ke3 Ra3+ 117. Kf2 Ra2+ 118. Kf3 Ra3+ 119. Kg4 Re3 120. Rc6 Re7 121. Kf3 Kf7 122. Kf2 Kg7 123. Rc3 Kf7 124. Rc2 Kg7 125. Re2 Ra7 1/2-1/2

[Event "Solin 13th"]
[Site "Solin"]
[Date "2005.12.17"]
[Round "10"]
[White "Kovacevic, Blazimir"]
[Black "Lugovoi, Aleksei"]
[Result "1/2-1/2"]
[WhiteElo "2493"]
[BlackElo "2547"]
[PlyCount "77"]
[EventDate "2005.12.09"]
[EventType "tourn"]
[EventRounds "11"]
[EventCountry "CRO"]
[EventCategory "11"]
[SourceTitle "CBM 111"]
[Source "ChessBase"]
[SourceDate "2006.04.04"]
[SourceVersion "1"]
[SourceVersionDate "2006.04.04"]
[SourceQuality "1"]

1. d4 d5 2. c4 e6 3. Nc3 c5 4. cxd5 exd5 5. Nf3 Nc6 6. Bf4 Nf6 7. e3 cxd4 8. Nxd4 Be7 9. Be2 0-0 10. 0-0 Be6 11. Qd3 Rc8 12. Rfd1 Qb6 13. Qb5 Nxd4 14. Rxd4 Qxb5 15. Bxb5 Rfd8 16. Rdd1 a6 17. Ba4 Ne4 18. Be5 f6 19. Bd4 Kf7 20. f3 Nc5 21. Bc2 Nd7 22. Rac1 g6 23. Ne2 Ne5 24. Nf4 Nc4 25. Bd3 Ne5 26. Bc2 Nc4 27. Bd3 Ne5 28. Bb1 Rxc1 29. Rxc1 Nc6 30. Bb6 Rd7 31. a3 Bd8 32. Bxd8 Rxd8 33. Ba2 Ke7 34. Nxe6 Kxe6 35. Kf2 Ne7 36. Rd1 f5 37. Rd2 Kf6 38. h4 Ke5 39. Rc2 1/2-1/2

[Event "Chigorin Memorial 13th"]
[Site "St Petersburg"]
[Date "2005.10.23"]
[Round "9"]
[White "Serov, Alexey"]
[Black "Lugovoi, Aleksei"]
[Result "0-1"]
[WhiteElo "2331"]
[BlackElo "2547"]
[PlyCount "62"]
[EventDate "2005.10.15"]
[EventType "swiss"]
[EventRounds "9"]
[EventCountry "RUS"]
[SourceTitle "CBM 108 Extra"]
[Source "ChessBase"]
[SourceDate "2005.11.04"]
[SourceVersion "1"]
[SourceVersionDate "2005.11.04"]
[SourceQuality "1"]

1. d4 Nf6 2. c4 e6 3. Nc3 Bb4 4. f3 d5 5. e3 Bxc3+ 6. bxc3 c5 7. cxd5 Nxd5 8. dxc5 f5 9. e4 fxe4 10. Qd4 0-0 11. Qxe4 Nxc3 12. Qc2 Nd5 13. Bd3 Qh4+ 14. g3 Qh5 15. Bb2 Nc6 16. h4 e5 17. g4 Qh6 18. Be4 Be6 19. Ne2 Kh8 20. Bc1 Qf6 21. Bg5 Qf7 22. 0-0 h6 23. Bg6 Qd7 24. Rad1 hxg5 25. Nc3 Nd4 26. Qh2 Rf4 27. hxg5+ Kg8 28. Ne2 Nxe2+ 29. Qxe2 Qc7 30. Rf2 Nc3 31. Bh7+ Kf8 0-1

[Event "Chigorin Memorial 13th"]
[Site "St Petersburg"]
[Date "2005.10.20"]
[Round "6"]
[White "Andreikin, Dmitry"]
[Black "Lugovoi, Aleksei"]
[Result "1-0"]
[WhiteElo "2458"]
[BlackElo "2547"]
[PlyCount "65"]
[EventDate "2005.10.15"]
[EventType "swiss"]
[EventRounds "9"]
[EventCountry "RUS"]
[SourceTitle "CBM 108 Extra"]
[Source "ChessBase"]
[SourceDate "2005.11.04"]
[SourceVersion "1"]
[SourceVersionDate "2005.11.04"]
[SourceQuality "1"]

1. e4 c5 2. Nf3 d6 3. d4 cxd4 4. Nxd4 Nf6 5. Nc3 Nc6 6. h3 e6 7. Be3 Be7 8. g4 0-0 9. g5 Nd7 10. h4 a6 11. f4 Nxd4 12. Qxd4 b5 13. 0-0-0 Bb7 14. h5 e5 15. Qd2 exf4 16. Bxf4 Ne5 17. Be2 Rc8 18. Kb1 Re8 19. Nd5 Bxd5 20. exd5 Nc4 21. Qc1 Bf8 22. Bg4 Rc7 23. g6 Re4 24. gxf7+ Kh8 25. Bg5 Qb8 26. Bf5 Re5 27. Be6 b4 28. Rh3 h6 29. Bf4 Re4 30. Bxh6 a5 31. Rg1 a4 32. Bxg7+ Bxg7 33. Qh6+ 1-0

[Event "Chigorin Memorial 13th"]
[Site "St Petersburg"]
[Date "2005.10.17"]
[Round "3"]
[White "Lugovoi, Aleksei"]
[Black "Kryakvin, Dmitry"]
[Result "1/2-1/2"]
[WhiteElo "2547"]
[BlackElo "2458"]
[PlyCount "97"]
[EventDate "2005.10.15"]
[EventType "swiss"]
[EventRounds "9"]
[EventCountry "RUS"]
[SourceTitle "CBM 108 Extra"]
[Source "ChessBase"]
[SourceDate "2005.11.04"]
[SourceVersion "1"]
[SourceVersionDate "2005.11.04"]
[SourceQuality "1"]

1. c4 Nf6 2. Nc3 g6 3. d4 Bg7 4. e4 d6 5. Nf3 0-0 6. Be2 Bg4 7. Be3 Nfd7 8. Ng1 Bxe2 9. Ngxe2 c5 10. d5 Na6 11. 0-0 Nc7 12. Qd2 a6 13. Bh6 b5 14. Bxg7 Kxg7 15. b3 bxc4 16. bxc4 Rb8 17. f4 Rb4 18. Qd3 Nb6 19. a3 Rxc4 20. Nd1 f5 21. exf5 Rxf5 22. Ne3 Rxd5 23. Nxd5 Ncxd5 24. f5 g5 25. Rac1 Rxc1 26. Rxc1 Qf8 27. Ng3 Nf4 28. Qxa6 Nbd5 29. Qc4 Qa8 30. a4 Ne3 31. Qe4 Ne2+ 32. Kf2 Qxe4 33. Nxe4 Nxc1 34. Kxe3 Nb3 35. Nxg5 h5 36. Kf4 c4 37. Ne6+ Kf6 38. Nc7 Kf7 39. Nd5 e6 40. fxe6+ Kxe6 41. Ke4 Nc5+ 42. Kd4 Nxa4 43. Nf4+ Kf5 44. Nxh5 Nb2 45. Ng3+ Kf4 46. Nf1 Nd3 47. Ne3 Ne5 48. Nd5+ Kf5 49. Ne3+ 1/2-1/2

[Event "RUS-ch sf 58th"]
[Site "Kazan"]
[Date "2005.09.07"]
[Round "5"]
[White "Kosteniuk, Alexandra"]
[Black "Lugovoi, Aleksei"]
[Result "1/2-1/2"]
[WhiteElo "2516"]
[BlackElo "2556"]
[PlyCount "58"]
[EventDate "2005.09.03"]
[EventType "swiss"]
[EventRounds "9"]
[EventCountry "RUS"]
[SourceTitle "CBM 109"]
[Source "ChessBase"]
[SourceDate "2005.11.14"]
[SourceVersion "1"]
[SourceVersionDate "2005.11.14"]
[SourceQuality "1"]

1. e4 e5 2. Nf3 Nc6 3. Bb5 Nf6 4. 0-0 Nxe4 5. d4 Be7 6. d5 Nd6 7. Be2 e4 8. dxc6 exf3 9. cxb7 Bxb7 10. Bxf3 0-0 11. Bxb7 Nxb7 12. c4 Bf6 13. Qf3 Na5 14. Nd2 Re8 15. Qd5 c6 16. Qd3 d5 17. cxd5 Qxd5 18. Qxd5 cxd5 19. Rb1 Nc6 20. Nf3 Rab8 21. Rd1 Red8 22. Kf1 h6 23. h3 a6 24. Ne1 Nb4 25. Bf4 Rb5 26. a3 Nc6 27. b4 g5 28. Bg3 Nd4 29. Nd3 Ne6 1/2-1/2